000 01482cam a22002771i 4500
003 SA-RiAUC
005 20260220132747.0
008 260219q19001999su g 000 0 ara c
040 _aSA-JeALM
_bara
_cSA-RiAUC
_erda
082 0 4 _a253.901
090 _aم ن 253.901
_bم س ا
100 1 _aالمساوي، محسن بن علي بن عبد الرحمن،
_d1323-1354 هجري
_eمؤلف.
245 1 2 _aالنفحة الحسنية على التحفة السنية في علم الفرائض /
_cمحسن بن علي المساوي ؛ راجعه وعلق على حواشيه محمد ياسين الفاداني.
250 _aالطبعة الرابعة.
264 1 _aمكة المكرمة :
_bالمكتبة العلمية،
_c[بين 1900 و1999]
300 _a52 صفحة؛
_c29 سم.
336 _aنص
_btxt
_2rdacontent
_3كتاب
337 _aبدون وسيط
_bn
_2rdamedia
338 _aمجلد
_bnc
_2rdacarrier
650 7 _aالمواريث (فقه إسلامي)
_2aucsh
700 1 _aالفاداني، محمد ياسين بن محمد عيسى،
_d1335-1411 هجري
_eمراجع.
700 1 2 _aالمشاط، حسن بن محمد،
_d1319-1399 هجري
_tالتحفة السنية في أحوال الورثة الأربعينية في علم الفرائض.
740 2 2 _aالتحفة السنية في أحوال الورثة الأربعينية في علم الفرائض.
942 _2ddc
_cRBOOK COPY
_n0
949 _aSA-JeALM
_d260219
_umohamedma123
_n1
999 _c14408
_d14408